Logo samochodów - Quiz #2 - Statystyki

Ogólne statystyki
  • Ten quiz został rozwiązany 785 razy
  • Średni wynik to 12 z 16
Statystyki odpowiedzi
Obrazkowy Odpowiedź % Poprawnych
Honda
99%
Skoda
98%
Jaguar
95%
Mazda
95%
Seat
93%
Hyundai
91%
Tesla
91%
Suzuki
86%
Volvo
82%
Mitsubishi
80%
Mustang
80%
Mini Cooper
66%
Daewoo
46%
Infinity
45%
Cadillac
44%
Acura
36%
Nie znaleziono quizów pasujących do podanych kryteriów
Rozkład punktacji
Procent ludzi z każdym wynikiem
Percentyl według liczby udzielonych odpowiedzi
Twoja historia wyników
Nie rozwiązałeś tego quizu